Το Μικρό Βιβλίο για το Χρήμα / The Little Money Book (Record no. 2000)
[ view plain ]
| 000 -LEADER | |
|---|---|
| fixed length control field | 01552cam a22002054a 4500 |
| 005 - ΗΜΕΡΟΜΗΝΙΑ ΚΑΙ ΩΡΑ ΤΕΛΕΥΤΑΙΑΣ ΕΝΗΜΕΡΩΣΗΣ | |
| Πεδίο ελέγχου | 20250605164026.0 |
| 008 - FIXED-LENGTH DATA ELEMENTS--GENERAL INFORMATION | |
| Πεδίο ελέγχου σταθερού μήκους | 250528s ||||||||||||||||||||||||d |
| 035 ## - SYSTEM CONTROL NUMBER | |
| System control number | 16506 |
| 020 ## - ISBN | |
| ISBN | 9608386160 |
| 040 ## - ΠΗΓΗ ΚΑΤΑΛΟΓΟΓΡΑΦΗΣΗΣ | |
| Φορέας πρωτότυπης καταλογογράφησης | MC Athens Campus Library |
| Γλώσσα καταλογογράφησης | Ελληνικά, Μοντέρνα (1453-) |
| Modifying agency | MC Athens Campus Library |
| Κανόνες περιγραφικής καταλογογράφησης | AACR2 |
| 245 1# - ΤΙΤΛΟΣ ΚΑΙ ΔΗΛΩΣΗ ΥΠΕΥΘΥΝΟΤΗΤΑΣ | |
| Τίτλος | Το Μικρό Βιβλίο για το Χρήμα / The Little Money Book |
| 260 ## - PUBLICATION, DISTRIBUTION, ETC. | |
| Name of publisher, distributor, etc. | Κέρκυρα, |
| Date of publication, distribution, etc. | 2004 |
| 300 ## - PHYSICAL DESCRIPTION | |
| Extent | 272 |
| 520 ## - SUMMARY, ETC. | |
| Summary, etc. | Εισαγωγή, Τι Είναι Χρήμα, Η Προέλευση του Χρήματος, Χρυσός, Πληθωρισμός, Τοκογλυφία, Η Παγκόσμια Τράπεζα και το ΔΝΤ, Μεγάλα Νομίσματα και το Ευρώ, Νεωτεριστές του Χρήματος 1, Νεωτεριστές του Χρήματος 2, Το Χρήμα ως Πληροφορία, Χάρτινες Τίγρεις, Κεντρικές Τράπεζες, Το Εικονικό Χρήμα, Οι Χρηματιστηριακές Αγορές, Ασφάλιση, Χρηματικές Ροές, Η Αύξηση του Ηλεκτρονικού Χρήματος, Υπεράκτια Τραπεζική, Ιδιοκτησία, Παγκοσμιοποίηση, Μέτρηση του Χρήματος, Χρήμα από Χρέος, Τρελό Χρήμα, Το Χρήμα που Δημιουργόυμε Μόνοι μας, Πνευματικό Χρήμα, Συμπέρασμα, Διευθύνσεις στο Διαδίκτυο. |
| 700 1# - ΠΡΟΣΘΕΤΗ ΑΝΑΓΡΑΦΗ--ΦΥΣΙΚΟ ΠΡΟΣΩΠΟ | |
| Personal name | Boyle David |
| 9 (RLIN) | 2601 |
| 942 ## - ADDED ENTRY ELEMENTS (KOHA) | |
| Koha item type | Books |
| Τύπος τεκμηρίου | Βιβλιοθήκη | Τρέχουσα τοποθεσία | Barcode | Αριθμός εισαγωγής | Ημερομηνία απόκτησης | Ταξιθετικό σύμβολο | Αριθμός αντιτύπου | Κατάσταση απόσυρσης | Κατάσταση χαμένου | Κατάσταση κατεστραμμένου | Μη δανεισμός | Σύνολο δανεισμών | Ημερομηνία τελευταίας εμφάνισης | Η τιμή ισχύει από |
|---|---|---|---|---|---|---|---|---|---|---|---|---|---|---|
| Books | MC Athens Campus Library | MC Athens Campus Library | 9780000019998 | 4211 | 05/06/2025 | 332.4 BOY | 1 | 05/06/2025 | 05/06/2025 |